000 00493nam a2200205Ia 4500
003 0100
008 130303s9999 xx 000 0 und d
040 _cARRUPELIB
050 _aJA83.C535 1996
100 _aCahn, Steven M. ed.
245 _aClassics of modern political theory
245 _bMachiavelli to Mill
260 _aNew York
260 _bOxford University Press
260 _C1996
300 _aviii
300 _b 1022p. 24cm.
650 _bPrayers
942 _2lcc
_06
999 _c59489
_d59489